Report of the education committee on Goa (Record no. 494346)

000 -LEADER
fixed length control field 00335cam a22001097a 4500
008 - FIXED-LENGTH DATA ELEMENTS--GENERAL INFORMATION
fixed length control field 180718b1962 xxu||||| |||| 00| 0 eng d
082 ## - DEWEY DECIMAL CLASSIFICATION NUMBER
Classification number Px5443 In2
245 ## - TITLE STATEMENT
Title Report of the education committee on Goa
Statement of responsibility, etc. by Planning Commission
260 ## - PUBLICATION, DISTRIBUTION, ETC.
Place of publication, distribution, etc. New Delhi
Name of publisher, distributor, etc. Planning Commission
Date of publication, distribution, etc. 1962
300 ## - PHYSICAL DESCRIPTION
Extent 143p.
700 ## - ADDED ENTRY--PERSONAL NAME
Personal name India. Planning Commission
Holdings
Withdrawn status Lost status Damaged status Not for loan Permanent Location Current Location Date acquired Full call number Barcode Date last seen Price effective from Koha item type
        Indian Institute of Public Administration Indian Institute of Public Administration 2018-08-04 Px5443 In2 GG2587 2018-08-04 2018-08-04 GG

Powered by Koha